Re-location of mission and ecumenism in the context of the margins / (Record no. 8798)
[ view plain ]
| 000 -LEADER | |
|---|---|
| fixed length control field | 01749nam a22002057a 4500 |
| 003 - CONTROL NUMBER IDENTIFIER | |
| control field | GBCCL |
| 005 - DATE AND TIME OF LATEST TRANSACTION | |
| control field | 20241126110658.0 |
| 008 - FIXED-LENGTH DATA ELEMENTS--GENERAL INFORMATION | |
| fixed length control field | 211102b ||||| |||| 00| 0 eng d |
| 020 ## - INTERNATIONAL STANDARD BOOK NUMBER | |
| International Standard Book Number | 9789383002054 |
| 020 ## - INTERNATIONAL STANDARD BOOK NUMBER | |
| International Standard Book Number | 9383002050 |
| 040 ## - CATALOGING SOURCE | |
| Transcribing agency | gbc |
| 082 ## - DEWEY DECIMAL CLASSIFICATION NUMBER | |
| Classification number | 266 |
| Item number | REL |
| 245 ## - TITLE STATEMENT | |
| Title | Re-location of mission and ecumenism in the context of the margins / |
| Statement of responsibility, etc. | edited by P. Mohan Larbeer. |
| 260 ## - PUBLICATION, DISTRIBUTION, ETC. | |
| Place of publication, distribution, etc. | Bangalore : |
| Name of publisher, distributor, etc. | BTESSC, |
| Date of publication, distribution, etc. | 2014. |
| 300 ## - PHYSICAL DESCRIPTION | |
| Extent | vi, 146 pages ; |
| Dimensions | 22 cm |
| 505 ## - FORMATTED CONTENTS NOTE | |
| Formatted contents note | Re-location of mission and ecumenism in the context of the margins / Atola Longkumer --<br/>Missiography, marginality and God-talk : hermeneutically re-locating Mary's song of liberation / Joseph Samuel --<br/>Inclusive understanding of mission / C.I. David Joy --<br/>Margin --<br/>location of Christian mission / Wati Longchar --<br/>Mission as neighbourliness and community solidarity in the context of the margins : a reflection from Isaiah 58:2-7 / Atula Ao --<br/>The need of the Gospel in a world of corporate greed : a mission reading of Luke 13:6-9 / Raj Bharat Patta --<br/>2 Kings 5:1-14: go and dip seven times in Jordan / Royce M. Victor --<br/>The fire behind the branding / Philip Vinod Peacock --<br/>Rethinking Image Dei in the context of marginalization / R.C. Jongte --<br/>The Great Commandment and the Great Commission / J. Albert D. Selwyn --<br/>The Samaritan encounter --<br/>Jesus at the well in Samaria : reading afresh John 4 / Arun Kumar Wesley --<br/>Re-telling stories from the margins / Dexter Maben --<br/>Children in the Kingdom of God with-drawing margins / Rohan Gideon --<br/>Re-location of mission and ecumenism in the context of the margins : a Bible study based on Mark 4:35-41 and 6:45-56 / V.J. John. |
| 650 ## - SUBJECT ADDED ENTRY--TOPICAL TERM | |
| Topical term or geographic name entry element | Missions. |
| 9 (RLIN) | 885 |
| 650 ## - SUBJECT ADDED ENTRY--TOPICAL TERM | |
| Topical term or geographic name entry element | Christian union. |
| 9 (RLIN) | 3990 |
| 942 ## - ADDED ENTRY ELEMENTS (KOHA) | |
| Source of classification or shelving scheme | Dewey Decimal Classification |
| Koha item type | Books |
| Withdrawn status | Lost status | Source of classification or shelving scheme | Damaged status | Not for loan | Home library | Current Library | Shelving location | Date acquired | Total checkouts | Full call number | Barcode | Date last seen | Copy number | Price effective from | Koha item type |
|---|---|---|---|---|---|---|---|---|---|---|---|---|---|---|---|
| Dewey Decimal Classification | GRACE BIBLE COLLEGE | GRACE BIBLE COLLEGE | Ministry & Mission | 2021-11-02 | 266 REL | 015261 | 2025-05-01 | c.1 | 2021-11-02 | Books |